Statistics for NBA All-Southeast Division Team

Click here to take the quiz!

General Stats

  • This quiz has been taken 16 times
  • The average score is 9 of 15

Answer Stats

RosterPositionPlayerNBA Team% Correct
StarterPoint GuardJohn WallWashington Wizards
100%
StarterShooting GuardDwayne WadeMiami Heat
93%
BackupCenterAl HorfordAtlanta Hawks
87%
StarterPower ForwardPaul MillsapAtlanta Hawks
80%
3rd StringPoint GuardGoran DragicMiami Heat
67%
3rd StringCenterHassan WhitesideMiami Heat
67%
BackupPoint GuardJeff TeagueAtlanta Hawks
67%
StarterCenterNikola VucevicOrlando Magic
67%
BackupShooting GuardKemba WalkerCharlotte Hornets*
60%
StarterSmall ForwardVictor OladipoOrlando Magic*
60%
BackupPower ForwardMarcin GortatWashington Wizards*
53%
BackupSmall ForwardNicolas BatumCharlotte Hornets*
53%
3rd StringPower ForwardLuol DengMiami Heat*
47%
3rd StringSmall ForwardTobias HarrisOrlando Magic
33%
3rd StringShooting GuardEvan FourinerOrlando Magic
0%

Score Distribution

Percentile by Number Answered

Percent of People with Each Score

Your Score History

You have not taken this quiz